000 00743nam a22002177a 4500
999 _c17603
_d17603
003 AR-CdUCM
008 190509b ||||| |||| 00| 0 spa d
040 _aMUNICIPALIDAD PROVINCIAL DEL CUSCO
_cBIBLIOTECA MUNICIPAL DEL CUSCO
082 _a970 /
_bB25
100 _aBarros Arana, Diego
_937720
245 _aHistoria de América /
260 _aBuenos Aires :
_bFuturo,
_c1962.
300 _a529 páginas ;
_c20 cm.
505 _aContenido: América Indígena -- Descubrimiento y conquista -- La colonia -- Revolución de los Estados Unidos ...
650 _aAmérica
_91348
650 _aHistoria
_9136
650 _aRevolución
_9844
700 _aYunque, Álvaro (prólogo)
_937721
942 _2ddc
_cLIBROS
945 _aachl
_d2019-05-09